00154 a2200073 450000100060000010000050000624500470001126000220005857097 a a Bourne Betrayal; A New Jason Bourne novel aukbMackaysc1998